[Event "415 Stay Safe Play From Home series"]
[Site "Emanuel Lasker Arena"]
[Date "2020.08.27"]
[Round "8"]
[White "Holm123"]
[Black "Ao017545"]
[Result "0-1"]
[WhiteElo "1620"]
[BlackElo "1573"]
[Annotator "NA"]
[PlyCount "50"]
[EventDate "2020.08.27"]
[EventType "swiss (blitz)"]

1. e4 {[%emt 0:00:02]} e5 {[%emt 0:00:00]} 2. Nf3 {[%emt 0:00:06]} Nf6 {[%emt 0:00:00]} 3. Bc4 {[%emt 0:00:01]} Bc5 {[%emt 0:00:01]} 4. Nxe5 {[%emt 0:00:01]} O-O {[%emt 0:00:00]} 5. c3 {[%emt 0:00:02]} Nxe4 {[%emt 0:00:02]} 6. d4 {[%emt 0:00:01]} Qh4 {[%emt 0:00:04]} 7. Qf3 {[%emt 0:00:02]} d5 {[%emt 0:00:04]} 8. dxc5 {[%emt 0:00:02]} dxc4 {[%emt 0:00:05]} 9. Nxc4 {[%emt 0:00:01]} Re8 {[%emt 0:00:02]} 10. O-O {[%emt 0:00:02]} Bg4 {[%emt 0:00:05]} 11. Qg3 {[%emt 0:00:03]} Nxg3 {[%emt 0:00:03]} 12. hxg3 {[%emt 0:00:02]} Qh5 {[%emt 0:00:02]} 13. Bf4 {[%emt 0:00:01]} Be2 {[%emt 0:00:01]} 14. Nbd2 {[%emt 0:00:00]} Bxf1 {[%emt 0:00:02]} 15. Rxf1 {[%emt 0:00:00]} Nc6 {[%emt 0:00:01]} 16. Nb3 {[%emt 0:00:06]} g5 {[%emt 0:00:04]} 17. Bxc7 {[%emt 0:00:03]} Rac8 {[%emt 0:00:02]} 18. Bd6 {[%emt 0:00:03]} Re6 {[%emt 0:00:03]} 19. Rd1 {[%emt 0:00:06]} Rh6 {[%emt 0:00:02]} 20. f3 {[%emt 0:00:03]} Re8 {[%emt 0:00:01]} 21. Kf2 {[%emt 0:00:01]} Qg6 {[%emt 0:00:04]} 22. Nd4 {[%emt 0:00:02]} Nxd4 {[%emt 0:00:02]} 23. cxd4 {[%emt 0:00:02]} Qc2+ {[%emt 0:00:00]} 24. Kf1 {[%emt 0:00:05]} Qxd1+ {[%emt 0:00:01]} 25. Kf2 {[%emt 0:00:01]} Re2# {[%emt 0:00:01] (Lag: Av=0.74s, max=1.3s) (Lag: Av=0.74s, max=1.3s) (Lag: Av=0.74s, max=1.3s)} 0-1

[Event "415 Stay Safe Play From Home series"]
[Site "Emanuel Lasker Arena"]
[Date "2020.08.27"]
[Round "9"]
[White "NTBT_DHS"]
[Black "Nguyen Hong Anh"]
[Result "1-0"]
[WhiteElo "2580"]
[BlackElo "2305"]
[PlyCount "63"]
[EventDate "2020.08.27"]
[EventType "swiss (blitz)"]

1. d4 {[%emt 0:00:01]} Nf6 {[%emt 0:00:01]} 2. c4 {[%emt 0:00:00]} g6 {[%emt 0:00:01]} 3. Nc3 {[%emt 0:00:00]} d5 {[%emt 0:00:00]} 4. cxd5 {[%emt 0:00:00]} Nxd5 {[%emt 0:00:00]} 5. Bd2 {[%emt 0:00:00]} Bg7 {[%emt 0:00:01]} 6. e4 {[%emt 0:00:00]} Nxc3 {[%emt 0:00:00]} 7. Bxc3 {[%emt 0:00:00]} c5 {[%emt 0:00:01]} 8. d5 {[%emt 0:00:00]} Bxc3+ {[%emt 0:00:00]} 9. bxc3 {[%emt 0:00:00]} O-O {[%emt 0:00:00]} 10. h4 {[%emt 0:00:02]} e6 {[%emt 0:00:01]} 11. h5 {[%emt 0:00:01]} exd5 {[%emt 0:00:01]} 12. hxg6 {[%emt 0:00:00]} hxg6 {[%emt 0:00:01]} 13. Qd2 {[%emt 0:00:00]} Qf6 {[%emt 0:00:01]} 14. exd5 {[%emt 0:00:06]} Re8+ {[%emt 0:00:01]} 15. Be2 {[%emt 0:00:01]} Nd7 {[%emt 0:00:01]} 16. Nf3 {[%emt 0:00:02]} Nb6 {[%emt 0:00:01]} 17. O-O-O {[%emt 0:00:05]} Nxd5 {[%emt 0:00:02]} 18. Bc4 {[%emt 0:00:10]} Nxc3 {[%emt 0:00:02]} 19. Rde1 {[%emt 0:00:03]} Ne4 {[%emt 0:00:01]} 20. Qh6 {[%emt 0:00:05]} Qa1+ {[%emt 0:00:08]} 21. Kc2 {[%emt 0:00:01]} Qc3+ {[%emt 0:00:01]} 22. Kb1 {[%emt 0:00:01]} Qg7 {[%emt 0:00:01]} 23. Qf4 {[%emt 0:00:02]} Bf5 {[%emt 0:00:03]} 24. g4 {[%emt 0:00:05]} Nd2+ {[%emt 0:00:01]} 25. Kc1 {[%emt 0:00:02]} Nxc4 {[%emt 0:00:02]} 26. Qxc4 {[%emt 0:00:01]} Be6 {[%emt 0:00:01]} 27. Qf4 {[%emt 0:00:05]} Qa1+ {[%emt 0:00:01]} 28. Kd2 {[%emt 0:00:00]} Qxa2+ {[%emt 0:00:00]} 29. Ke3 {[%emt 0:00:00]} Bd5+ {[%emt 0:00:01]} 30. Ne5 {[%emt 0:00:01]} Re6 {[%emt 0:00:02]} 31. Rh6 {[%emt 0:00:03]} Rae8 {[%emt 0:00:02]} 32. Qxf7# {[%emt 0:00:00] (Lag: Av=1.15s, max=2.1s) (Lag: Av=1.15s, max=2.1s) (Lag: Av=1.15s, max=2.1s)} 1-0

[Event "415 Stay Safe Play From Home series"]
[Site "Emanuel Lasker Arena"]
[Date "2020.08.27"]
[Round "9"]
[White "Mepe_Nika"]
[Black "Tran Minh Thang"]
[Result "0-1"]
[WhiteElo "2410"]
[BlackElo "2447"]
[PlyCount "50"]
[EventDate "2020.08.27"]
[EventType "swiss (blitz)"]

1. d4 {[%emt 0:00:02]} Nf6 {[%emt 0:00:01]} 2. Nf3 {[%emt 0:00:00]} b6 {[%emt 0:00:01]} 3. Bf4 {[%emt 0:00:02]} Bb7 {[%emt 0:00:00]} 4. e3 {[%emt 0:00:00]} e6 {[%emt 0:00:00]} 5. Be2 {[%emt 0:00:01]} Nh5 {[%emt 0:00:01]} 6. Bg5 {[%emt 0:00:01]} Be7 {[%emt 0:00:00]} 7. Bxe7 {[%emt 0:00:01]} Qxe7 {[%emt 0:00:00]} 8. O-O {[%emt 0:00:00]} f5 {[%emt 0:00:00]} 9. Ne5 {[%emt 0:00:01]} Nf6 {[%emt 0:00:00]} 10. Bh5+ {[%emt 0:00:03]} g6 {[%emt 0:00:04]} 11. Bxg6+ {[%emt 0:00:00]} hxg6 {[%emt 0:00:01]} 12. Nxg6 {[%emt 0:00:00]} Qg7 {[%emt 0:00:00]} 13. Nf4 {[%emt 0:00:01]} Nh5 {[%emt 0:00:07]} 14. f3 {[%emt 0:00:01]} Nxf4 {[%emt 0:00:01]} 15. exf4 {[%emt 0:00:00]} Qh6 {[%emt 0:00:01]} 16. Qd2 {[%emt 0:00:01]} Qxh2+ {[%emt 0:00:01]} 17. Kf2 {[%emt 0:00:00]} Rg8 {[%emt 0:00:00]} 18. Rg1 {[%emt 0:00:01]} Nc6 {[%emt 0:00:04]} 19. c3 {[%emt 0:00:01]} Ne7 {[%emt 0:00:01]} 20. Na3 {[%emt 0:00:01]} Nd5 {[%emt 0:00:01]} 21. Nb5 {[%emt 0:00:01]} a6 {[%emt 0:00:01]} 22. Na3 {[%emt 0:00:01]} Nxf4 {[%emt 0:00:00]} 23. Kf1 {[%emt 0:00:04]} Bxf3 {[%emt 0:00:02]} 24. Qf2 {[%emt 0:00:05]} Bxg2+ {[%emt 0:00:02]} 25. Rxg2 {[%emt 0:00:03]} Rxg2 {[%emt 0:00:01] Mepe_Nika resigns Mepe_Nika resigns Mepe_Nika resigns (Lag: Av=0.64s, max=0.9s) (Lag: Av=0.64s, max=0.9s) (Lag: Av=0.64s, max=0.9s)} 0-1

[Event "415 Stay Safe Play From Home series"]
[Site "Emanuel Lasker Arena"]
[Date "2020.08.27"]
[Round "9"]
[White "IceQueen"]
[Black "Fischer_11"]
[Result "1-0"]
[WhiteElo "2357"]
[BlackElo "2032"]
[Annotator "NA"]
[PlyCount "47"]
[EventDate "2020.08.27"]
[EventType "swiss (blitz)"]

1. e4 {[%emt 0:00:01]} Nf6 {[%emt 0:00:01]} 2. Nc3 {[%emt 0:00:00]} d5 {[%emt 0:00:01]} 3. exd5 {[%emt 0:00:00]} Nxd5 {[%emt 0:00:00]} 4. Nge2 {[%emt 0:00:00]} Nxc3 {[%emt 0:00:00]} 5. Nxc3 {[%emt 0:00:00]} g6 {[%emt 0:00:00]} 6. g3 {[%emt 0:00:00]} Bg7 {[%emt 0:00:00]} 7. Bg2 {[%emt 0:00:00]} O-O {[%emt 0:00:00]} 8. O-O {[%emt 0:00:00]} c5 {[%emt 0:00:00]} 9. d3 {[%emt 0:00:00]} Qc7 {[%emt 0:00:00]} 10. Be3 {[%emt 0:00:00]} Nd7 {[%emt 0:00:02]} 11. Nd5 {[%emt 0:00:01]} Qd8 {[%emt 0:00:03]} 12. Bg5 {[%emt 0:00:01]} Bf6 {[%emt 0:00:03]} 13. Qd2 {[%emt 0:00:03]} e6 {[%emt 0:00:03]} 14. Nxf6+ {[%emt 0:00:01]} Nxf6 {[%emt 0:00:01]} 15. Qf4 {[%emt 0:00:00]} Kg7 {[%emt 0:00:01]} 16. Rad1 {[%emt 0:00:02]} Nd5 {[%emt 0:00:10]} 17. Qh4 {[%emt 0:00:07]} f6 {[%emt 0:00:05]} 18. Bh6+ {[%emt 0:00:01]} Kh8 {[%emt 0:00:02]} 19. Bxf8 {[%emt 0:00:00]} Qxf8 {[%emt 0:00:00]} 20. Bxd5 {[%emt 0:00:01]} exd5 {[%emt 0:00:01]} 21. Rfe1 {[%emt 0:00:00]} Qf7 {[%emt 0:00:01]} 22. Qf4 {[%emt 0:00:03]} Be6 {[%emt 0:00:03]} 23. Qd6 {[%emt 0:00:01]} Rc8 {[%emt 0:00:03]} 24. Rxe6 {[%emt 0:00:01] Fischer_11 gibt auf Fischer_11 gibt auf Fischer_11 gibt auf (Lag: Av=0.39s, max=0.5s) (Lag: Av=0.39s, max=0.5s) (Lag: Av=0.39s, max=0.5s)} 1-0

[Event "415 Stay Safe Play From Home series"]
[Site "Emanuel Lasker Arena"]
[Date "2020.08.27"]
[Round "9"]
[White "Hickey"]
[Black "Stepmaker"]
[Result "1-0"]
[WhiteElo "2329"]
[BlackElo "1417"]
[PlyCount "51"]
[EventDate "2020.08.27"]
[EventType "swiss (blitz)"]

1. b3 {[%emt 0:00:02]} e6 {[%emt 0:00:01]} 2. Bb2 {[%emt 0:00:00]} f6 {[%emt 0:00:01]} 3. Bxf6 {[%emt 0:00:02]} gxf6 {[%emt 0:00:03]} 4. d4 {[%emt 0:00:00]} d5 {[%emt 0:00:01]} 5. c4 {[%emt 0:00:00]} Bd7 {[%emt 0:00:01]} 6. e4 {[%emt 0:00:00]} Qe7 {[%emt 0:00:01]} 7. Be2 {[%emt 0:00:02]} c6 {[%emt 0:00:01]} 8. Bh5+ {[%emt 0:00:01]} Kd8 {[%emt 0:00:03]} 9. Ne2 {[%emt 0:00:00]} Na6 {[%emt 0:00:01]} 10. Nd2 {[%emt 0:00:01]} Kc7 {[%emt 0:00:01]} 11. O-O {[%emt 0:00:00]} Nh6 {[%emt 0:00:01]} 12. Ng3 {[%emt 0:00:01]} Rg8 {[%emt 0:00:01]} 13. Re1 {[%emt 0:00:01]} Nf7 {[%emt 0:00:01]} 14. exd5 {[%emt 0:00:00]} cxd5 {[%emt 0:00:02]} 15. cxd5 {[%emt 0:00:00]} exd5 {[%emt 0:00:03]} 16. Rxe7 {[%emt 0:00:00]} Bxe7 {[%emt 0:00:02]} 17. Rc1+ {[%emt 0:00:00]} Bc6 {[%emt 0:00:01]} 18. Bf3 {[%emt 0:00:05]} Rad8 {[%emt 0:00:04]} 19. Ndf1 {[%emt 0:00:00]} Nb4 {[%emt 0:00:01]} 20. Ne3 {[%emt 0:00:00]} Nxa2 {[%emt 0:00:02]} 21. Nxd5+ {[%emt 0:00:03]} Rxd5 {[%emt 0:00:04]} 22. Bxd5 {[%emt 0:00:00]} Nxc1 {[%emt 0:00:01]} 23. Bxf7 {[%emt 0:00:00]} Rxg3 {[%emt 0:00:02]} 24. hxg3 {[%emt 0:00:02]} Na2 {[%emt 0:00:03]} 25. d5 {[%emt 0:00:02]} Bb5 {[%emt 0:00:02]} 26. Qc2+ {[%emt 0:00:01] TimeB TimeB TimeB} 1-0

[Event "415 Stay Safe Play From Home series"]
[Site "Emanuel Lasker Arena"]
[Date "2020.08.27"]
[Round "9"]
[White "Schachwerk_64"]
[Black "TheCHESSHOUSE"]
[Result "0-1"]
[WhiteElo "1969"]
[BlackElo "2021"]
[Annotator "NA"]
[PlyCount "102"]
[EventDate "2020.08.27"]
[EventType "swiss (blitz)"]

1. e4 {[%emt 0:00:01]} d6 {[%emt 0:00:01]} 2. Nf3 {[%emt 0:00:00]} e5 {[%emt 0:00:01]} 3. d4 {[%emt 0:00:01]} exd4 {[%emt 0:00:01]} 4. Nxd4 {[%emt 0:00:02]} Nf6 {[%emt 0:00:00]} 5. Nc3 {[%emt 0:00:02]} g6 {[%emt 0:00:00]} 6. Be2 {[%emt 0:00:01]} Bg7 {[%emt 0:00:01]} 7. f3 {[%emt 0:00:01]} O-O {[%emt 0:00:00]} 8. Be3 {[%emt 0:00:01]} Nc6 {[%emt 0:00:01]} 9. Qd2 {[%emt 0:00:00]} Ne5 {[%emt 0:00:01]} 10. O-O-O {[%emt 0:00:01]} a6 {[%emt 0:00:01]} 11. h4 {[%emt 0:00:01]} h5 {[%emt 0:00:01]} 12. g4 {[%emt 0:00:02]} b5 {[%emt 0:00:05]} 13. Kb1 {[%emt 0:00:04]} Rb8 {[%emt 0:00:02]} 14. Rc1 {[%emt 0:00:05]} Bd7 {[%emt 0:00:01]} 15. Nd1 {[%emt 0:00:01]} c5 {[%emt 0:00:01]} 16. Nb3 {[%emt 0:00:02]} Qc7 {[%emt 0:00:01]} 17. Nf2 {[%emt 0:00:04]} a5 {[%emt 0:00:02]} 18. f4 {[%emt 0:00:01]} Nexg4 {[%emt 0:00:08]} 19. Nxg4 {[%emt 0:00:00]} Nxg4 {[%emt 0:00:00]} 20. Bxg4 {[%emt 0:00:03]} Bxg4 {[%emt 0:00:00]} 21. Rcg1 {[%emt 0:00:01]} a4 {[%emt 0:00:02]} 22. f5 {[%emt 0:00:00]} axb3 {[%emt 0:00:01]} 23. Rxg4 {[%emt 0:00:03]} bxa2+ {[%emt 0:00:02]} 24. Ka1 {[%emt 0:00:02]} hxg4 {[%emt 0:00:04]} 25. h5 {[%emt 0:00:01]} Ra8 {[%emt 0:00:05]} 26. hxg6 {[%emt 0:00:03]} fxg6 {[%emt 0:00:01]} 27. fxg6 {[%emt 0:00:01]} Qe7 {[%emt 0:00:01]} 28. Qh2 {[%emt 0:00:01]} Rf3 {[%emt 0:00:07]} 29. Qh7+ {[%emt 0:00:04]} Kf8 {[%emt 0:00:01]} 30. Bd2 {[%emt 0:00:02]} Qf6 {[%emt 0:00:01]} 31. c3 {[%emt 0:00:01]} Ke7 {[%emt 0:00:01]} 32. Bg5 {[%emt 0:00:01]} Qxg5 {[%emt 0:00:02]} 33. Qxg7+ {[%emt 0:00:00]} Ke6 {[%emt 0:00:01]} 34. Qf7+ {[%emt 0:00:01]} Rxf7 {[%emt 0:00:01]} 35. gxf7 {[%emt 0:00:00]} Kxf7 {[%emt 0:00:00]} 36. b3 {[%emt 0:00:00]} Qf6 {[%emt 0:00:00]} 37. Kb2 {[%emt 0:00:01]} Qxc3+ {[%emt 0:00:00]} 38. Kxc3 {[%emt 0:00:02]} a1=Q+ {[%emt 0:00:00]} 39. Rxa1 {[%emt 0:00:02]} Rxa1 {[%emt 0:00:00]} 40. Kb2 {[%emt 0:00:00]} b4 {[%emt 0:00:00]} 41. Kc2 {[%emt 0:00:00]} Ke6 {[%emt 0:00:00]} 42. Kb2 {[%emt 0:00:00]} Ke5 {[%emt 0:00:00]} 43. Kxa1 {[%emt 0:00:00]} Kxe4 {[%emt 0:00:00]} 44. Kb2 {[%emt 0:00:00]} d5 {[%emt 0:00:00]} 45. Kc2 {[%emt 0:00:00]} c4 {[%emt 0:00:00]} 46. Kd2 {[%emt 0:00:00]} c3+ {[%emt 0:00:00]} 47. Kc1 {[%emt 0:00:00]} d4 {[%emt 0:00:00]} 48. Kc2 {[%emt 0:00:00]} d3+ {[%emt 0:00:00]} 49. Kd1 {[%emt 0:00:00]} g3 {[%emt 0:00:00]} 50. Kc1 {[%emt 0:00:00]} g2 {[%emt 0:00:00]} 51. Kd1 {[%emt 0:00:00]} g1=Q# {[%emt 0:00:00] (Lag: Av=0.61s, max=1.1s) (Lag: Av=0.61s, max=1.1s) (Lag: Av=0.61s, max=1.1s)} 0-1

[Event "415 Stay Safe Play From Home series"]
[Site "Emanuel Lasker Arena"]
[Date "2020.08.27"]
[Round "9"]
[White "Klasman"]
[Black "Holm123"]
[Result "0-1"]
[WhiteElo "1318"]
[BlackElo "1620"]
[Annotator "NA"]
[PlyCount "36"]
[EventDate "2020.08.27"]
[EventType "swiss (blitz)"]

1. f4 {[%emt 0:00:04]} d5 {[%emt 0:00:02]} 2. e3 {[%emt 0:00:01]} Nc6 {[%emt 0:00:01]} 3. c4 {[%emt 0:00:01]} dxc4 {[%emt 0:00:02]} 4. Bxc4 {[%emt 0:00:02]} e5 {[%emt 0:00:02]} 5. fxe5 {[%emt 0:00:03]} Nxe5 {[%emt 0:00:01]} 6. Bb3 {[%emt 0:00:05]} Nd3+ {[%emt 0:00:02]} 7. Kf1 {[%emt 0:00:10]} Qf6+ {[%emt 0:00:02]} 8. Qf3 {[%emt 0:00:03]} Nxc1 {[%emt 0:00:07]} 9. Ba4+ {[%emt 0:00:06]} c6 {[%emt 0:00:02]} 10. Nc3 {[%emt 0:00:04]} Nd3 {[%emt 0:00:03]} 11. e4 {[%emt 0:00:04]} Ne5 {[%emt 0:00:04]} 12. Qxf6 {[%emt 0:00:05]} Nxf6 {[%emt 0:00:02]} 13. d4 {[%emt 0:00:01]} Nc4 {[%emt 0:00:04]} 14. Ke2 {[%emt 0:00:05]} b5 {[%emt 0:00:02]} 15. Bb3 {[%emt 0:00:02]} Bg4+ {[%emt 0:00:01]} 16. Nf3 {[%emt 0:00:02]} Nxb2 {[%emt 0:00:02]} 17. h3 {[%emt 0:00:03]} Bxf3+ {[%emt 0:00:01]} 18. gxf3 {[%emt 0:00:01]} Nc4 {[%emt 0:00:00] Time Time Time (Lag: Av=0.54s, max=1.1s) (Lag: Av=0.54s, max=1.1s) (Lag: Av=0.54s, max=1.1s)} 0-1